| 000 | 00683nam a2200193Ia 4500 | ||
|---|---|---|---|
| 001 | 14675 | ||
| 003 | GE_BSU | ||
| 008 | 181216s||||||||xx |||||||||||||| ||und|| | ||
| 040 | _cGE_BSU | ||
| 080 | _a821.353.1+821.353.1-31+821.353.1-32 | ||
| 100 | _aქიაჩელი,ლეო | ||
| 245 | _aთხზულებანი 5 ტომად. [ბ.ჟღენტის შესავ. წერილით] ტ.1 | ||
| 260 | _aთბილისი | ||
| 260 | _bსაბჭოთა საქართველო | ||
| 260 | _c1960 | ||
| 300 | _a447გვ.1ფ.პორტრ. | ||
| 653 | _aბ.ჟღენტის შესავ. წერილით | ||
| 942 | _cBK | ||
| 999 |
_c47801 _d47801 |
||